00943nam a2200181 a 450000100060000000300090000600800410001502000150005604000280007108200180009911000460011724501420016326000560030530000080036150502780036965000430064765000710069022206CO-ViMGA141112s2004 ck r 000 u spa d a9859298990 aCO-ViMGAbspacCO-ViMGA04a025.171 C656g aColombia : Archivo General de la Nación10aGuía de conservación preventiva de nuevas tecnologías : bSoportes Documentales Alternativos en Archivos y Centros de Información aBogotá : bArchivo General de la Nación, c2004 a91p aAxercamiento a un sistema integrado de conservación de nuevas tecnologías 9 - - Soportes documentales de las nuevas tecnologías 15 - - El deterioro en las tecnologías, agentes y factores de deterioro 52 - - Conservación preventiva de las nuevas tecnologías 60 14aADMINISTRACIÓN DE ARCHIVOS - GUÍAS14aCONSERVACIÓN Y RESTAURACIÓN DE MATERIALES DE ARCHIVO - GUÍAS